Salvaguardas ambientales en la producción de arroz, una propuesta de Guyra Paraguay y la Asociación Calidris. (Registro nro. 20726)

Detalles MARC
000 -CABECERA
Campo de control 00795nam a22002177a 4500
005 - FECHA Y HORA DE LA ULTIMA TRANSACCION
Campo de control 20200124093242.0
008 - ELEMENTOS DE LONGITUD FIJA—INFORMACION GENERAL
Campo de control 200124b xxu||||| |||| 00| 0 spa d
020 ## - ISBN
ISBN 9789585873636
040 ## - FUENTE DE CATALOGACIÓN
Agencia catalogadora original CO-BoIAVH
Agencia transcriptora CO-BoIAVH
041 ## - IDIOMA
Código de idioma para texto/pista de sonido o título separado Español
044 ## - PAÍS DE PUBLICACIÓN
País de publicación Colombia
110 ## - ASIENTO PRINCIPAL--NOMBRE CORPORATIVO
9 (RLIN) 102348
Nombre corporativo o de jurisdicción como elemento de entrada Asociación Guyra
Unidad subordinad Paraguay
245 ## - MENCION DE TITULO
Título Salvaguardas ambientales en la producción de arroz, una propuesta de Guyra Paraguay y la Asociación Calidris.
260 ## - PUBLICACION, DISTRIBUCION, ETC. (PIE DE IMPRENTA)
Lugar de publicación, distribución, etc. Cali, Valle del Cauca:
Nombre del editor, distribuidor, etc. Asociación Calidris,
Fecha de publicación, distribución, etc. 2015.
300 ## - DESCRIPCION FISICA
Extensión 27 Páginas:
Otros detalles físicos ilustraciones y tablas,
Dimensiones 14 x 22 cm.
650 #0 - ASIENTO SECUNDARIO DE MATERIA - TERMINO TEMATICO
9 (RLIN) 3329
Término temático o nombre geográfico como elemento de entrada Especies migratorias
650 #0 - ASIENTO SECUNDARIO DE MATERIA - TERMINO TEMATICO
9 (RLIN) 3308
Término temático o nombre geográfico como elemento de entrada Aves acuáticas
650 #0 - ASIENTO SECUNDARIO DE MATERIA - TERMINO TEMATICO
9 (RLIN) 5792
Término temático o nombre geográfico como elemento de entrada Normatividad ambiental
650 #0 - ASIENTO SECUNDARIO DE MATERIA - TERMINO TEMATICO
9 (RLIN) 23872
Término temático o nombre geográfico como elemento de entrada Áreas de conservación de recursos naturales
Subdivisión geográfica Colombia
942 ## - ELEMENTOS ADICIONALES (KOHA)
Sistema de clasificación Dewey Decimal Classification
Tipo de ítem Folleto
Existencias
Withdrawn status Lost status Sistema de Clasificación Damaged status No para préstamo Colección Ubicación Permanente Ubicación actual Fecha de adquisición Total Checkouts Número topográfico Inventario / Código de Barras Date last seen Ejemplar Price effective from Forma de adquisición Tipo de material
    Dewey Decimal Classification     Hemeroteca Bogotá Bogotá 24/01/2020   FG-0383 044013 24/01/2020 Ej.1 24/01/2020 Canje Folleto